|
|
|
|
| LEADER |
01007nam a2200337 4500 |
| 001 |
DLU090095716 |
| 005 |
##20091201 |
| 040 |
# |
# |
|a DLU
|b eng
|
| 041 |
# |
# |
|a eng
|
| 044 |
# |
# |
|a us
|
| 100 |
# |
# |
|a Gautam, Ujjal K.
|
| 245 |
# |
# |
|a New strategies for the synthesis of t-selenium nanorods and nanowires /
|c Ujjal K. Gautam, Manashi Nath, C. N. R. Rao.
|
| 653 |
# |
# |
|a Chemical synthesis
|
| 653 |
# |
# |
|a Nanorods
|
| 653 |
# |
# |
|a Nanostructured materials
|
| 653 |
# |
# |
|a Nanowires
|
| 653 |
# |
# |
|a Scanning electron microscopy
|
| 653 |
# |
# |
|a Selenium
|
| 653 |
# |
# |
|a Thermal decomposition
|
| 700 |
# |
# |
|a Nath, Manashi.
|
| 700 |
# |
# |
|a Rao, C. N. R.
|
| 773 |
# |
# |
|t Journal of Materials Chemistry
|g Vol. 13, no. 12 (2003), p. 2845-2847
|
| 920 |
# |
# |
|a Phòng Tạp chí -- Trung tâm Thông tin - Thư viện Trường Đại học Đà Lạt
|
| 994 |
# |
# |
|a DLU
|
| 900 |
# |
# |
|a True
|
| 911 |
# |
# |
|a Trương Bảo Trâm Anh
|
| 925 |
# |
# |
|a G
|
| 926 |
# |
# |
|a A
|
| 927 |
# |
# |
|a BB
|
| 980 |
# |
# |
|a Thư viện Trường Đại học Đà Lạt
|